000 01261nam0a22002891 4500
001 rc\2130569
005 20110829172059.6
035 _a(NLR Aleph) 006626571
090 _a7505941
_c7505941
100 _a20110829d1978 |||y0rusy50 ca
101 0 _arus
102 _aRU
105 _aac z |||||
200 1 _a25 лет тресту "Дальэлектромонтаж"
_eСправ. материалы
_fСССР. М-во монтаж. и спец. строит. работ "Главэлектромонтаж". Сахалин. монтаж. упр. ...
210 _aЮжно-Сахалинск
_cДальневост. кн. изд-во. Сахалин. отд-ние
_d1978
215 _a39 с.
_cил., портр.
_d21
300 _aНа обороте тит. л.: подгот. И.К. Марков, В.Ф. Васенов, В.Б. Езерский [и др.]
702 1 _aЕзерский
_bВ. Б.
_4220
702 1 _aМарков
_bИ. К.
_4220
702 1 _aВасенов
_bВ. Ф.
_4220
710 0 2 _a"Дальэлектромонтаж", трест
_cХабаровск
_3RU\NLR\AUTH\8810183441
801 0 _aRU
_bNLR
_gpsbo
801 1 _aRU
_bELAR
_2rusmarc
852 _aNLR
_j78-4/21797
899 _aRuMoRGB
_jM 78-12/396
942 _cBOOK
980 _aNB